01471agaaa2200301 45000010005000000030009000050050017000140070009000310080040000400400023000800410013001031000052001161300058001682450163002262500022003892600115004113000033005265080057005595200043006165380016006595460013006756500076006887000064007647000070008289420012008989990019009109520240009295042IT-RoPAU20220918181300.0d cvaizq50131s9999||||xx ||| | || ||und|| aIT-RoPAUcIT-RoPAU aITALIANO aCarolei JoegCodice regista SPICS: 38210952954 aCOME NASCE UN CAPOLAVORO: LA BELLA E LA BESTIA952955 aCOME NASCE UN CAPOLAVORO: LA BELLA E LA BESTIAcDiretto da: Carolei JoepCOME NASCE UN CAPOLAVORO: LA BELLA E LA BESTIA (Rif. Codice opera principale : B5042) aEdizione Standard aMILANO (ITALIA)bWALT DISNEY COMPANY / Distribuzione: RAI UNOg"1991 (1° ed.: 1992 ; Ed. Lingua Orig.: 1991)" aVHSbsonoro, col.c30 minuti a"Fotografia: Miles Simon; Montaggio: Pages Ray J.; " aNASCITA DEL FILM LA BELLA E LA BESTIA. aPAL, STEREO aITALIANO aDOCUMENTARIOeSTUDI SUL CINEMA [VHS]xCodice MATERIA SPICS: 9959936889 aCarolei Joe e(regista)gCodice regista SPICS: 38210952956 aTausani Giorgio e(soggetto)gCodice Soggetto SPICS: 38211952957 cVH2ddc c107640d107640 0010406B_5042_00000000000000071aSPICSbSPICSd2015-01-31l0oB5042r2015-01-31 00:00:00w2015-01-31yVHzProgr. Ins.: 189 / N.Vol.:1 / Copie: 1 / Pag.:0 / Copia rara: n.d. / date import: 1.2.2015 / By Epidotti, Trombetti, Vaglietti